Statistics for Countries by First Two Letters - One Minute Sprint

Click here to take the quiz!

General Stats

  • This quiz has been taken 659 times
  • The average score is 114 of 204

Answer Stats

Country % Correct
Cambodia
94%
Cabo Verde
94%
Canada
94%
Chad
94%
Chile
94%
China
94%
Cameroon
94%
Dem Rep
of the Congo
93%
United Arab
Emirates
91%
United States
91%
United Kingdom
91%
Russia
89%
Mexico
89%
Brunei
89%
Brazil
89%
Argentina
85%
Aruba
85%
Armenia
85%
Moldova
83%
Monaco
83%
Mongolia
83%
Montenegro
83%
Morocco
83%
Mozambique
83%
St Kitts and
Nevis
82%
St Vincent
and the
Grenadines
82%
South Africa
82%
South Sudan
82%
Somalia
82%
Solomon Islands
82%
Saint Lucia
82%
South Korea
82%
Norway
82%
Austria
82%
Australia
82%
North Korea
82%
Republic of
the Congo
81%
São Tomé
and Príncipe
80%
Samoa
80%
San Marino
80%
Saudi Arabia
80%
Mauritania
78%
Macedonia
78%
Madagascar
78%
Malawi
78%
Malaysia
78%
Maldives
78%
Mauritius
78%
Mali
78%
Malta
78%
Marshall Islands
78%
Côte d'Ivoire
78%
Costa Rica
78%
Cook Islands
78%
Comoros
78%
Colombia
78%
India
77%
Indonesia
77%
Iran
77%
France
77%
Iraq
77%
Ireland
77%
Panama
75%
Albania
75%
Algeria
75%
Paraguay
75%
Palestine
75%
Papua New Guinea
75%
Pakistan
75%
Palau
75%
Sweden
73%
Switzerland
73%
Swaziland
73%
Poland
71%
Spain
71%
Portugal
71%
Sudan
70%
Suriname
70%
Bolivia
70%
Bosnia and
Herzegovina
70%
Botswana
70%
Lithuania
68%
Libya
68%
Liberia
68%
Liechtenstein
68%
Belarus
68%
Belgium
68%
Belize
68%
Benin
68%
Peru
66%
Georgia
65%
Denmark
65%
Niue
65%
Nigeria
65%
Germany
65%
Niger
65%
Nicaragua
65%
Finland
62%
Fiji
62%
Turkey
61%
Tuvalu
61%
Turkmenistan
61%
Tunisia
61%
New Zealand
59%
Egypt
59%
Netherlands
59%
Kazakhstan
59%
Nepal
59%
Jamaica
58%
Japan
58%
Andorra
55%
Angola
55%
Ukraine
55%
Venezuela
55%
Antigua and
Barbuda
55%
Barbados
53%
Bangladesh
53%
Bahrain
53%
Bahamas
53%
Myanmar
52%
Guatemala
51%
Cuba
51%
Guinea
51%
Guinea-Bissau
51%
Guyana
51%
Curaçao
51%
Iceland
49%
Latvia
49%
Laos
49%
Ecuador
48%
Italy
48%
Tanzania
46%
Tajikistan
46%
Taiwan
46%
Nauru
45%
Namibia
45%
Uruguay
44%
Bulgaria
43%
Burkina Faso
43%
Burundi
43%
Oman
41%
Yemen
40%
Afghanistan
40%
Dominica
39%
Dominican Republic
39%
Honduras
38%
Haiti
37%
Greenland
35%
Grenada
35%
Greece
35%
Estonia
34%
Serbia
34%
Senegal
34%
Seychelles
34%
Ethiopia
32%
Thailand
31%
El Salvador
31%
Romania
30%
Vietnam
29%
Zambia
29%
Sint Maarten
28%
Philippines
27%
Uzbekistan
26%
Zimbabwe
26%
Lebanon
26%
Lesotho
26%
Kyrgyzstan
26%
Israel
26%
Central African
Republic
25%
Czechia
24%
Gabon
24%
Gambia
24%
Eritrea
24%
Kenya
23%
Syria
23%
Croatia
22%
Fed St of
Micronesia
22%
Sierra Leone
22%
Singapore
22%
Togo
21%
Bhutan
21%
Tonga
21%
Slovenia
20%
Sri Lanka
20%
Azerbaijan
20%
Slovakia
20%
Vatican City
20%
Kiribati
20%
Vanuatu
20%
Jordan
18%
Timor-Leste
18%
Hungary
17%
Luxembourg
17%
Kosovo
16%
Ghana
15%
Rwanda
15%
Djibouti
14%
Trinidad and
Tobago
14%
Qatar
14%
Uganda
13%
Equatorial Guinea
13%
Cyprus
12%
Kuwait
10%
Faroe Islands
5%

Score Distribution

Percentile by Number Answered

Percent of People with Each Score

Your Score History

You have not taken this quiz